000 00698cam a22002293a 4500
001 7528
003 PGUSA
005 20140828083146.0
008 050201s2005||||xxu|||||s|||||000 | eng d
040 _aPGUSA
_beng
042 _adc
050 4 _aPA
100 1 _aLord, Frances E.
_q(Frances Ellen),
_d1835-
245 1 4 _aThe Roman Pronunciation of Latin :
_bWhy We Use It and How to Use It
_h[electronic resource] /
_cFrances E. Lord
260 _bProject Gutenberg,
_c2005
506 _aPublic domain in the USA.
516 _aElectronic text
653 _aLatin language -- Pronunciation
830 0 _aProject Gutenberg
_v7528
856 4 0 _uhttp://www.gutenberg.org/ebooks/7528
942 _cEB
999 _c236848
_d236848